| 000 | 00000nas 2200000zi 4500 |
| 001 | 9.865489 |
| 003 | CaOODSP |
| 005 | 20250724090552 |
| 006 | m o d f |
| 007 | cr cn||||||||| |
| 008 | 181203c20189999oncar p|o f0 a0eng| |
| 022 | |a2562-2579 |
| 040 | |aCaOODSP|beng|erda|cCaOODSP |
| 043 | |an-cn--- |
| 086 | 1 |aIu35-1E-PDF |
| 110 | 1 |aCanada. |bOffice of the Chief Science Advisor, |eauthor, |eissuing body. |
| 245 | 10|aAnnual report of the Chief Science Advisor. |
| 264 | 1|aOttawa : |bOffice of the Chief Science Advisor, |c2019- |
| 310 | |aAnnual |
| 336 | |atext|btxt|2rdacontent |
| 337 | |acomputer|bc|2rdamedia |
| 338 | |aonline resource|bcr|2rdacarrier |
| 362 | 1 |aBegan with: 2018. |
| 500 | |aIssued also in French under title: Rapport annuel de la conseillère scientifique en chef. |
| 588 | |aDescription based on 2018. |
| 588 | |aLatest issue consulted 2018. |
| 650 | 0|aScience and state|zCanada|vPeriodicals. |
| 651 | 0|aCanada. |
| 655 | 7|aPeriodicals|2lcgft |
| 775 | 08|tRapport annuel de la conseillère scientifique en chef.|w(CaOODSP)9.865490 |
| 776 | 0#|tAnnual report of the Chief Science Advisor / |w(CaOODSP)9.865491 |